La competición global por el talento: movilidad de los trabajadores altamente cualificados
Gespeichert in:
| Körperschaften: | , , |
|---|---|
| Format: | Buch |
| Sprache: | Spanisch |
| Veröffentlicht: |
Madrid
INAP
2009
|
| Ausgabe: | 1a. ed |
| Schriftenreihe: | Estudios y Documentos
|
| Schlagworte: | |
| Tags: |
Tag hinzufügen
Keine Tags, Fügen Sie den ersten Tag hinzu!
|
MARC
| LEADER | 00000nam a2200000 a 4500 | ||
|---|---|---|---|
| 001 | UCG2316 | ||
| 003 | CL-VaPUC | ||
| 008 | 100708e20090000SP |||||||||||||||||spa|d | ||
| 020 | |a 9788473512909 | ||
| 082 | 0 | 4 | |a 331.12791 |b INA |2 21 |
| 110 | 2 | |a INAP |e author |9 550768 | |
| 710 | 2 | |a Instituto Nacional de Administración Pública |e author |9 550769 | |
| 710 | 2 | |a OCDE |e author |9 550770 | |
| 245 | 1 | 3 | |a La competición global por el talento: movilidad de los trabajadores altamente cualificados |
| 250 | |a 1a. ed | ||
| 300 | |a 185 p | ||
| 942 | |c BK | ||
| 945 | |d 20100708 00:00:00 |a cmena | ||
| 260 | |a Madrid |b INAP |c 2009 | ||
| 650 | 7 | |a MOVILIDAD DE LA MANO DE OBRA |2 CL-VaPUC |9 408976 | |
| 650 | 0 | |a Oferta y demanda |9 255571 | |
| 650 | 7 | |a MIGRACION LABORAL |2 CL-VaPUC |9 345095 | |
| 650 | 7 | |a OFERTA DE MANO DE OBRA |2 CL-VaPUC |9 341788 | |
| 650 | 7 | |a MERCADO DEL TRABAJO |2 CL-VaPUC |9 341787 | |
| 650 | 0 | |a Globalización |9 361930 | |
| 650 | 0 | |a Recursos humanos |9 228420 | |
| 583 | |a last modification |c 20100708 00:00:00 |k Rodrigo Vera | ||
| 490 | 0 | |a Estudios y Documentos | |
| 999 | |c 341532 |d 341530 | ||
| 952 | |0 0 |1 0 |4 0 |6 331_127910000000000_INA_2009 |7 0 |8 C |9 437120 |a BIBCUR |b BIBCUR |d 2019-11-22 |i 4673786 |o 331.12791 INA 2009 |p 4673786 |r 2025-04-22 |w 2019-11-22 |y BK |k IDI | ||